Riconosci lo Stato - Quiz n°82 - Statistics

Statistiche generali
  • Questo quiz è stato fatto 50 volte
  • Il punteggio medio è 12 su 12
Statistiche sulle risposte
Indizio Risposta % Corretto
Valuta Đồng
98%
Fuso Orario UTC+7
98%
ISU 0,704
95%
Tasso di crescita 0,91%
95%
Superficie 331 689 km²
95%
PIL (nominale) 340 000 milioni di $
95%
Popolazione 98 013 529 ab.
95%
Iniziale della Capitale H
95%
Primo ministro Phạm Minh Chính
95%
Forma di Governo Repubblica socialista monopartitica
95%
Risposta Vietnam
95%
Presidente della Repubblica Võ Văn Thưởng
95%
Nessun quiz corrispondente trovato
Distribuzione punteggi
Percentuale di utenti per punteggio
Percentile per numero di risposta
I tuoi punteggi nel tempo
Non hai fatto questo quiz